Cyclisme - Courses UCI World Tour 2026 - Statistiques

Statistiques générales
  • Ce quiz a été pris 459 fois
  • Le résultat moyen est 21 sur 36
Statistiques - réponses
Nom % Correct
Tour de France
97%
Tour d'Italie
97%
Paris-Roubaix
96%
Tour d'Espagne
96%
Tour des Flandres
89%
Milan-San Remo
88%
Paris-Nice
86%
Liège-Bastogne-Liège
83%
Critérium du Dauphiné (Tour Auvergne-Rhône-Alpes)
82%
La Flèche Wallonne
80%
Tour de Lombardie
79%
Amstel Gold Race
74%
Tour du Pays basque
74%
Tour de Catalogne
70%
Tour de Suisse
70%
Tour de Romandie
65%
Strade Bianche
62%
Grand Prix E3
61%
Tour des Émirats Arabes Unis
61%
Tirreno-Adriatico
59%
À travers la Flandre
58%
Tour Down Under
57%
Gand-Wevelgem (In Flanders Fields)
51%
Tour de Pologne
48%
Grand Prix cycliste de Montréal
40%
Grand Prix cycliste de Québec
38%
Clásica San Sebastián
37%
Circuit Het Nieuwsblad
28%
Bretagne Classic (GP Plouay)
27%
Renewi Tour
22%
Tour du Guangxi
21%
Eschborn-Francfort
17%
Classic Bruges-La Panne (Tour de Bruges)
16%
Copenhagen Sprint
15%
Cadel Evans Great Ocean Road Race
14%
Cyclassics Hamburg
5%
Aucun quiz correspondant
Distribution des résultats
% des personnes avec chaque résultat
Percentile par nombre de réponses
Votre historique - résultats
Vous n’avez pas pris ce quiz